| 000 | 01779pam a22004694a 4500 | ||
|---|---|---|---|
| 999 |
_c3890 _d3890 |
||
| 001 | 13597992 | ||
| 003 | GZU | ||
| 005 | 20210310114921.0 | ||
| 008 | 030822s2003 enka b 001 0 eng | ||
| 010 | _a 2004401263 | ||
| 015 | _aGBA3-U6626 | ||
| 016 | 7 |
_a101200715 _2DNLM |
|
| 020 | _a0855984694 | ||
| 035 | _a(OCoLC)ocm54067024 | ||
| 040 |
_aNLM _cDLC _dNLM _dCUY _dDLC |
||
| 042 | _apcc | ||
| 050 | 0 | 0 |
_aRA643.8 _b.HOL 2003 |
| 060 | 0 | 0 | _a2003 O-793 |
| 060 | 1 | 0 |
_aWC 503 _bH726a 2003 |
| 082 | 0 | 4 |
_a338.91 _221 |
| 100 | 1 |
_aHolden, Sue, _d1968- _eauthor |
|
| 245 | 1 | 0 |
_aAIDS on the agenda : _badapting development and humanitarian programmes to meet the challenge of HIV/AIDS / _cSue Holden. |
| 246 | 3 | 0 | _aAdapting development and humanitarian programmes to meet the challenge of HIV/AIDS |
| 260 |
_aOxford : _bOxfam, _c2003. |
||
| 300 |
_axx, 380 p. : _bill. ; _c24 cm. |
||
| 504 | _aIncludes bibliographical references (p. 346-359) and index. | ||
| 650 | 0 | _aAIDS (Disease) | |
| 650 | 0 |
_aEconomic development projects _xSocial aspects. |
|
| 650 | 1 | 2 | _aAcquired Immunodeficiency Syndrome. |
| 650 | 1 | 2 | _aHIV Infections. |
| 650 | 2 | 2 | _aAltruism. |
| 650 | 2 | 2 | _aInternational Cooperation. |
| 650 | 2 | 2 | _aProgram Development. |
| 650 | 2 | 2 | _aPublic Policy. |
| 710 | 2 | _aActionAid (Organization) | |
| 710 | 2 | _aSave the Children Fund (Great Britain) | |
| 856 | 4 | 1 |
_3Table of contents only _uhttp://www.loc.gov/catdir/enhancements/fy1411/2004401263-t.html |
| 856 | 4 | 2 |
_3Publisher description _uhttp://www.loc.gov/catdir/enhancements/fy1411/2004401263-d.html |
| 856 | 4 | 2 |
_3Contributor biographical information _uhttp://www.loc.gov/catdir/enhancements/fy1411/2004401263-b.html |
| 906 |
_a7 _bcbc _cpccadap _d2 _encip _f20 _gy-gencatlg |
||
| 942 |
_2lcc _cBK _h643.8 _iHOL _kRA |
||